000
00332pab a2200133 454500
008
180718b xxu||||| |||| 00| 0 eng d
100
_a
Inoguchi, Takashi
245
_a
Japan's policies of interdependence
650
_a
Politics
650
_a
Japan
650
_a
Japan - Politics
773
_a
Government and Opposition
909
_a
1873
999
_c
1873
_d
1873